000 00890cam a22003018a 4500
003 DLC
005 20250902011453.0
008 941104s1995 nyu 000 1 eng
010 _a94041921 //r95
020 _a0786860820
035 _a200722
040 _aDLC
_cDLC
_dDLC
043 _an-us-la
092 0 0 _aFIC
_bBurke,J.
_220
099 _aBurke, J.
100 1 _aBurke, James Lee,
_d1936-
245 1 0 _aBurning angel /
_cJames Lee Burke.
260 _aNew York :
_bHyperion,
_c1995.
300 _a340 p. ;
_c24 cm.
490 1 _aDave Robicheaux novel ;
_v8.
650 0 _aOrganized crime
_zLouisiana
_xFiction.
650 0 _aRobicheaux, Dave (Fictitious character)
_vFiction.
651 0 _aLouisiana
_xRace relations
_vFiction.
655 7 _aMystery fiction.
_2gsafd.
800 1 _aBurke, James Lee,
_d1936-
_tDave Robicheaux novel ;
_v8.
907 _a.b10603566
942 _cBK
999 _c31074
_d31072